Normal view
MARC view
- الحديدي، ايمن احمد
Entry Personal Name
001 - CONTROL NUMBER
- control field: 63410
003 - CONTROL NUMBER IDENTIFIER
- control field: JO-AjAnu
005 - DATE AND TIME OF LATEST TRANSACTION
- control field: 20230606084342.0
008 - FIXED-LENGTH DATA ELEMENTS
- fixed length control field: 230606|| aca||aabn | a|a d
040 ## - CATALOGING SOURCE
- Original cataloging agency: JO-AjAnu
- Transcribing agency: JO-AjAnu
100 ## - HEADING--PERSONAL NAME
- Personal name: الحديدي، ايمن احمد
670 ## - SOURCE DATA FOUND
- Source citation: Work cat.: (JO-AjAnu)32330: الحديدي، ايمن احمد, author, الامن السيبراني في ظل الانفجار المعرفي